[Event "España tch 1a Division Sur"]
[Site "Burguillos ESP"]
[Date "2007.08.25"]
[Round "5.54"]
[White "Camacho Collados, Marcos"]
[Black "Herrera Delgado, Alejandro"]
[Result "0-1"]
[WhiteElo "2239"]
[BlackElo "2150"]
[PlyCount "94"]
[EventDate "2007.08.22"]
[EventType "team"]
[EventRounds "1"]
[EventCountry "ESP"]
[EventCategory "1"]
[Source "lmi"]
[SourceDate "2007.08.22"]
[WhiteTeam "Motril"]
[BlackTeam "Olivares"]

1. e4 c5 2. Nf3 Nf6 3. Nc3 d5 4. exd5 Nxd5 5. Bb5+ Bd7 6. Ne5 Bxb5 7. Qf3 f6 8.
Nxb5 Na6 9. Qh5+ g6 10. Nxg6 hxg6 11. Qxh8 Qd7 12. Nc3 Qe6+ 13. Kf1 Nab4 14.
Qh4 Qa6+ 15. Kg1 Nxc2 16. Nxd5 O-O-O 17. Rb1 Rxd5 18. h3 Qxa2 19. Qe4 Nd4 20.
b3 Re5 21. Qxg6 Nf3+ 22. gxf3 Rg5+ 23. Qxg5 fxg5 24. Rb2 Qa6 25. Kg2 Qd3 26.
Re1 Bg7 27. Re3 Qg6 28. Ra2 Qb1 29. Rxa7 Kb8 30. Ra5 Qxc1 31. Rxe7 Bf6 32. Rf7
Bd8 33. Rf8 Qxd2 34. Rxc5 Ka7 35. Rc4 Qd6 36. Rf7 Bb6 37. Ra4+ Kb8 38. Rh7 Qd2
39. Kh1 Qxf2 40. Rh8+ Kc7 41. Rc4+ Kd6 42. Rh6+ Ke5 43. Rxb6 Qxf3+ 44. Kg1 Qe3+
45. Kg2 Qxb6 46. Rc3 Qd4 47. Rf3 b5 0-1

[Event "España tch 1a Division Sur"]
[Site "Burguillos ESP"]
[Date "2007.08.25"]
[Round "5.54"]
[White "Majul, Isolina"]
[Black "Salvador Lopez, Daniel"]
[Result "1/2-1/2"]
[WhiteElo "2101"]
[BlackElo "2186"]
[PlyCount "69"]
[EventDate "2007.08.22"]
[EventType "team"]
[EventRounds "1"]
[EventCountry "ESP"]
[EventCategory "1"]
[Source "lmi"]
[SourceDate "2007.08.22"]
[WhiteTeam "Isla Bonita"]
[BlackTeam "EVA-Valencia"]

1. e4 d5 2. exd5 Qxd5 3. Nc3 Qa5 4. d4 Nf6 5. Bc4 Bg4 6. Nge2 e6 7. Bd2 c6 8.
Ne4 Qd8 9. Bg5 Be7 10. Nxf6+ Bxf6 11. Bxf6 Qxf6 12. Qd2 Nd7 13. f3 Bf5 14.
O-O-O Nb6 15. Bb3 O-O-O 16. g4 Bg6 17. Qf4 Nd5 18. Qxf6 Nxf6 19. Nf4 Nd5 20.
Bxd5 exd5 21. Rde1 Rde8 22. h4 f6 23. h5 Bf7 24. Kd2 Kd7 25. Ng2 g6 26. Nf4
Rxe1 27. Kxe1 gxh5 28. Nxh5 Ke7 29. Nf4 Kf8 30. Kf2 Kg7 31. Nh5+ Bxh5 32. Rxh5
Re8 33. Rh1 Kg6 34. Rh5 Re7 35. Rf5 1/2-1/2

[Event "España tch 1a Division Sur"]
[Site "Burguillos ESP"]
[Date "2007.08.25"]
[Round "5.61"]
[White "Martinez Martin, David"]
[Black "Ibarra Jerez, Jose Carlos"]
[Result "0-1"]
[WhiteElo "2411"]
[BlackElo "2475"]
[PlyCount "74"]
[EventDate "2007.08.22"]
[EventType "team"]
[EventRounds "1"]
[EventCountry "ESP"]
[EventCategory "1"]
[Source "lmi"]
[SourceDate "2007.08.22"]
[WhiteTeam "Virgen de Atocha"]
[BlackTeam "Totana"]

1. e4 c5 2. Nf3 e6 3. d4 cxd4 4. Nxd4 a6 5. Be2 Qc7 6. O-O Nf6 7. Nc3 Bb4 8.
Qd3 d6 9. Qg3 O-O 10. Bh6 Ne8 11. Rad1 Bxc3 12. bxc3 Nd7 13. f4 Nc5 14. Bd3 Kh8
15. Bg5 f6 16. Bh4 e5 17. Nf3 Rg8 18. f5 b5 19. Qe1 d5 20. exd5 Nd6 21. Nxe5
Re8 22. Bxf6 gxf6 23. Qh4 Qg7 24. Ng4 Nxd3 25. cxd3 Bxf5 26. Nxf6 Re2 27. g4
Rxa2 28. Kh1 Rf8 29. Qg3 Rxf6 30. gxf5 Qxg3 31. hxg3 Rxf5 32. Rxf5 Nxf5 33. c4
Rc2 34. g4 Nd6 35. Ra1 bxc4 36. dxc4 Rxc4 37. Rxa6 Nf7 0-1

[Event "España tch 1a Division Sur"]
[Site "Burguillos ESP"]
[Date "2007.08.25"]
[Round "5.62"]
[White "Jimenez Villena, Francisco Jose"]
[Black "Gonzalez Somoza, Oliver"]
[Result "0-1"]
[WhiteElo "2275"]
[BlackElo "2343"]
[PlyCount "64"]
[EventDate "2007.08.22"]
[EventType "team"]
[EventRounds "1"]
[EventCountry "ESP"]
[EventCategory "1"]
[Source "lmi"]
[SourceDate "2007.08.22"]
[WhiteTeam "Totana"]
[BlackTeam "Virgen de Atocha"]

1. d4 d5 2. Nc3 Bf5 3. Bg5 c6 4. e3 Nd7 5. Bd3 Bxd3 6. Qxd3 f6 7. Bh4 Qb6 8.
Nf3 e6 9. e4 Bd6 10. O-O-O Ne7 11. Rhe1 O-O 12. e5 fxe5 13. dxe5 Bb4 14. Ng5
Ng6 15. Bg3 Nc5 16. Qe3 h6 17. Nf3 Ne4 18. Nxe4 Bxe1 19. Qxe1 dxe4 20. Qxe4 Ne7
21. Rd7 Nf5 22. Nd4 Nxd4 23. Rxd4 Rad8 24. Rd6 Qa5 25. Bh4 Rde8 26. f4 Qxa2 27.
g4 Qa1+ 28. Kd2 Qxb2 29. Bf6 Rf7 30. Qg6 Kf8 31. Qh7 Qb4+ 32. Ke3 gxf6 0-1

[Event "España tch 1a Division Sur"]
[Site "Burguillos ESP"]
[Date "2007.08.25"]
[Round "5.63"]
[White "Horcajada Reales, Guillermo"]
[Black "Tudela Corbalan, Carlos"]
[Result "1-0"]
[WhiteElo "2190"]
[BlackElo "2196"]
[PlyCount "141"]
[EventDate "2007.08.22"]
[EventType "team"]
[EventRounds "1"]
[EventCountry "ESP"]
[EventCategory "1"]
[Source "lmi"]
[SourceDate "2007.08.22"]
[WhiteTeam "Virgen de Atocha"]
[BlackTeam "Totana"]

1. d4 Nf6 2. Nf3 g6 3. c4 Bg7 4. Nc3 O-O 5. e4 d6 6. Be2 e5 7. O-O Nc6 8. d5
Ne7 9. Nd2 Ne8 10. b4 a5 11. bxa5 Rxa5 12. Nb3 Ra8 13. a4 f5 14. a5 f4 15. Bg4
Bxg4 16. Qxg4 f3 17. gxf3 Kh8 18. Ne2 Nf6 19. Qh3 Nh5 20. Be3 Rf7 21. c5 Qf8
22. cxd6 cxd6 23. Nd2 Nf4 24. Bxf4 exf4 25. Ra2 g5 26. Nb3 Rf6 27. Ned4 Rh6 28.
Qd7 Rd8 29. Qxb7 Qe8 30. Rc1 Qh5 31. Qxe7 Bf6 32. Qc7 g4 33. Qxd8+ Bxd8 34. Rc8
Qxh2+ 35. Kf1 Rg6 36. Rxd8+ Kg7 37. Rc2 g3 38. fxg3 Qh1+ 39. Ke2 fxg3 40. Nf5+
Kf6 41. Rxd6+ Ke5 42. Rxg6 Qg2+ 43. Ke3 Qg1+ 44. Kd3 Qf1+ 45. Kd2 Qf2+ 46. Kc1
Qe1+ 47. Kb2 hxg6 48. Nxg3 Qxg3 49. Rc6 Qf2+ 50. Ka3 g5 51. d6 Qa7 52. Rc5+
Kxd6 53. Rxg5 Ke6 54. f4 Kf6 55. Rc5 Qb7 56. e5+ Kf5 57. Rc4 Qa6 58. Rb4 Qa7
59. Nd4+ Kg4 60. Nc6 Qa6 61. Rb6 Qd3+ 62. Kb4 Kxf4 63. Kc5 Ke4 64. Rb4+ Kf5 65.
Kb6 Ke6 66. a6 Qe3+ 67. Kb7 Qg5 68. a7 Qg7+ 69. Kb6 Qf8 70. Rd4 Qa3 71. Kb7 1-0

[Event "España tch 1a Division Sur"]
[Site "Burguillos ESP"]
[Date "2007.08.25"]
[Round "5.64"]
[White "Perez Merlos, Ramon"]
[Black "Rodriguez De Castro, Ayar"]
[Result "0-1"]
[WhiteElo "2127"]
[BlackElo "2102"]
[PlyCount "116"]
[EventDate "2007.08.22"]
[EventType "team"]
[EventRounds "1"]
[EventCountry "ESP"]
[EventCategory "1"]
[Source "lmi"]
[SourceDate "2007.08.22"]
[WhiteTeam "Totana"]
[BlackTeam "Virgen de Atocha"]

1. d4 d5 2. c4 e6 3. Nc3 Nf6 4. Bg5 Be7 5. Nf3 h6 6. Bh4 O-O 7. e3 b6 8. cxd5
Nxd5 9. Bxe7 Qxe7 10. Be2 Bb7 11. O-O Rc8 12. Rc1 c5 13. dxc5 Rxc5 14. Qb3 Nxc3
15. Rxc3 Nd7 16. Rd1 Bd5 17. Qa3 Kf8 18. b4 Rxc3 19. Qxc3 Nf6 20. a3 Ne4 21.
Qc2 a5 22. Rd4 Qb7 23. Qb2 Qc7 24. bxa5 bxa5 25. h3 Rb8 26. Bb5 Nd6 27. a4 Nxb5
28. axb5 Bxf3 29. gxf3 Qc5 30. Rg4 e5 31. Qd2 Qxb5 32. Qd6+ Kg8 33. Qxh6 Qb1+
34. Kg2 Qh7 35. Qd6 Re8 36. Qc6 Rf8 37. Qa6 Qf5 38. Qxa5 g6 39. Qd5 Kg7 40. f4
Re8 41. Rg5 Qf6 42. Rxe5 Rd8 43. Qe4 Rd1 44. Rd5 Qc6 45. Re5 Qc1 46. Rd5 Rg1+
47. Kf3 Qf1 48. Qd4+ Kh7 49. Rd8 Qxh3+ 50. Ke2 Qg4+ 51. Kd3 Rd1+ 52. Ke4 Rxd4+
53. Rxd4 g5 54. f3 Qh4 55. Kf5 Qh3+ 56. Kxg5 Qxf3 57. e4 Kg7 58. Ra4 f6+ 0-1

[Event "España tch 1a Division Sur"]
[Site "Burguillos ESP"]
[Date "2007.08.25"]
[Round "5.71"]
[White "Arizmendi Martinez, Julen Luis"]
[Black "Landa, Konstantin"]
[Result "0-1"]
[WhiteElo "2522"]
[BlackElo "2669"]
[PlyCount "162"]
[EventDate "2007.08.22"]
[EventType "team"]
[EventRounds "1"]
[EventCountry "ESP"]
[EventCategory "1"]
[Source "lmi"]
[SourceDate "2007.08.22"]
[WhiteTeam "Evajedrez"]
[BlackTeam "Isla Bonita"]

1. e4 c6 2. d4 d5 3. Nc3 dxe4 4. Nxe4 Bf5 5. Ng3 Bg6 6. h4 h6 7. Nf3 Nd7 8. h5
Bh7 9. Bd3 Bxd3 10. Qxd3 e6 11. Bf4 Qa5+ 12. Bd2 Bb4 13. c3 Be7 14. c4 Qc7 15.
d5 cxd5 16. cxd5 Qd6 17. Qb5 Ngf6 18. dxe6 Qxe6+ 19. Kf1 a6 20. Qf5 O-O 21. Re1
Qc4+ 22. Kg1 Rfe8 23. b3 Qb5 24. Rh4 Bc5 25. Rf1 Bd6 26. Qxb5 axb5 27. Nf5 Bc5
28. a4 bxa4 29. bxa4 Re4 30. a5 Rxh4 31. N3xh4 Nxh5 32. Rb1 b6 33. axb6 Bxb6
34. Ne7+ Kh7 35. Nd5 Bc5 36. Be3 Bxe3 37. Nxe3 g6 38. Nf3 Ra7 39. g3 Nhf6 40.
Rb4 Nc5 41. Rc4 Ra5 42. Nd2 Kg7 43. Rd4 Ra2 44. Kg2 h5 45. Nef1 Ng4 46. Rd5 Rc2
47. Nh2 Nf6 48. Rd4 Ne6 49. Rd6 Kf8 50. Nhf3 Ng4 51. Nd4 Nxd4 52. Rxd4 f5 53.
Kf3 Kf7 54. Kg2 Ke6 55. Kf1 Ra2 56. Kg2 Nf6 57. Kf1 g5 58. Kg2 Ng4 59. Kf1 Nf6
60. Kg2 g4 61. Kf1 Ke5 62. Rd3 Rc2 63. Kg2 Nd5 64. f3 h4 65. fxg4 fxg4 66. Kg1
h3 67. Nf1 Rc1 68. Kh2 Re1 69. Rd2 Nf6 70. Rd3 Re2+ 71. Kh1 Ne4 72. Ra3 Rg2 73.
Ra5+ Kd6 74. Ra6+ Kc5 75. Ra5+ Kb4 76. Rf5 Kc3 77. Rf8 Nf2+ 78. Rxf2 Rxf2 79.
Ne3 Kd3 80. Nxg4 Ra2 81. Kg1 Ke4 0-1

[Event "España tch 1a Division Sur"]
[Site "Burguillos ESP"]
[Date "2007.08.25"]
[Round "5.72"]
[White "De La Cruz Sanchez, Carlos Gustavo"]
[Black "Valmaña Canto, Jaime"]
[Result "1/2-1/2"]
[WhiteElo "2278"]
[BlackElo "2346"]
[PlyCount "100"]
[EventDate "2007.08.22"]
[EventType "team"]
[EventRounds "1"]
[EventCountry "ESP"]
[EventCategory "1"]
[Source "lmi"]
[SourceDate "2007.08.22"]
[BlackTeam "Evajedrez"]

1. e4 c5 2. c3 g6 3. d4 cxd4 4. cxd4 d5 5. exd5 Nf6 6. Nc3 Nxd5 7. Qb3 Nxc3 8.
Bc4 Nd5 9. Bxd5 e6 10. Bxb7 Bxb7 11. Qxb7 Qxd4 12. Qc8+ Qd8 13. Qc3 Rg8 14. Nf3
Bg7 15. Qc2 Qa5+ 16. Bd2 Qa6 17. Rc1 Nd7 18. a4 Nf6 19. b4 Nd5 20. b5 Qd6 21.
O-O Ke7 22. Ng5 Rgc8 23. Qd3 h6 24. Ne4 Qe5 25. Qa3+ Kd7 26. Qd3 Rxc1 27. Rxc1
Rc8 28. Rxc8 Kxc8 29. Qc4+ Kb8 30. g3 Nb6 31. Qc6 Qd5 32. Qe8+ Nc8 33. Bb4 Be5
34. Nc5 Qd1+ 35. Kg2 Qd5+ 36. f3 Qc4 37. Nd7+ Kb7 38. Nxe5 Qe2+ 39. Kh3 Qxe5
40. Qxf7+ Kb8 41. Qxg6 Qd4 42. Qe4 Qd1 43. Qe5+ Kb7 44. Qe4+ Kb8 45. Qxe6 Qxf3
46. Qe5+ Kb7 47. a5 Qf1+ 48. Kh4 Qc4+ 49. Qf4 Qxb5 50. Bd2 Qe2 1/2-1/2

[Event "España tch 1a Division Sur"]
[Site "Burguillos ESP"]
[Date "2007.08.25"]
[Round "5.73"]
[White "Bermejo Martinez, Jorge"]
[Black "Perez Felipe, Marcos Adrian"]
[Result "1/2-1/2"]
[WhiteElo "2219"]
[BlackElo "2171"]
[PlyCount "142"]
[EventDate "2007.08.22"]
[EventType "team"]
[EventRounds "1"]
[EventCountry "ESP"]
[EventCategory "1"]
[Source "lmi"]
[SourceDate "2007.08.22"]
[WhiteTeam "EVA-Valencia"]
[BlackTeam "Isla Bonita"]

1. Nf3 Nf6 2. c4 e6 3. g3 b6 4. Bg2 Bb7 5. O-O Be7 6. d4 O-O 7. Qc2 c5 8. Rd1
cxd4 9. Nxd4 Bxg2 10. Kxg2 a6 11. e4 Qc7 12. Bf4 d6 13. Ne2 Rc8 14. Nd2 b5 15.
Qd3 Nbd7 16. Rac1 Qb7 17. f3 Nc5 18. Qb1 h6 19. h3 Nfd7 20. Nf1 Nf6 21. Nd2 b4
22. Kh2 Rd8 23. Nf1 Rac8 24. g4 Nh7 25. Rd2 Bg5 26. Rcd1 Bxf4+ 27. Nxf4 Qe7 28.
Ng2 a5 29. Re2 Qf6 30. f4 g5 31. Qc1 Nf8 32. Ng3 gxf4 33. Qxf4 Qxf4 34. Nxf4 b3
35. axb3 Nxb3 36. Rc2 Rc6 37. Rd3 Nc5 38. Rd1 Rdc8 39. Rcd2 Nb7 40. b3 Nd7 41.
Nfe2 Ne5 42. Nd4 Rb6 43. Kg2 Rb4 44. Ra2 Kf8 45. Ra3 Ke7 46. Nge2 a4 47. Rxa4
Rxa4 48. bxa4 Rxc4 49. Rc1 Rxc1 50. Nxc1 Nc5 51. a5 Kd7 52. Kg3 Nxe4+ 53. Kh4
Ng5 54. Kh5 Nxh3 55. Kxh6 Nxg4+ 56. Kg7 Ne5 57. a6 Kc8 58. Nb5 d5 59. Kf6 Nc6
60. Kxf7 Nf4 61. a7 Kb7 62. a8=Q+ Kxa8 63. Nc7+ Kb7 64. Nxe6 Nxe6 65. Kxe6 Nb4
66. Ke5 Kc6 67. Kd4 Kd6 68. Ne2 Nc6+ 69. Kd3 Ke5 70. Nc3 Nb4+ 71. Kd2 d4
1/2-1/2

[Event "España tch 1a Division Sur"]
[Site "Burguillos ESP"]
[Date "2007.08.25"]
[Round "5.82"]
[White "Almagro Mazariegos, Sebastian"]
[Black "Mezcua Coronil, Felix"]
[Result "1-0"]
[WhiteElo "2296"]
[BlackElo "2228"]
[PlyCount "101"]
[EventDate "2007.08.22"]
[EventType "team"]
[EventRounds "1"]
[EventCountry "ESP"]
[EventCategory "1"]
[Source "lmi"]
[SourceDate "2007.08.22"]
[WhiteTeam "Tiendas UPI B"]
[BlackTeam "Alzira"]

1. e4 g6 2. d4 Bg7 3. Nc3 c6 4. Nf3 d5 5. e5 Nh6 6. Bf4 Bg4 7. Qd2 Bxf3 8. Bxh6
Bxh6 9. Qxh6 Qb6 10. Qe3 Bg4 11. h3 Bf5 12. O-O-O h5 13. Be2 Na6 14. g4 Be6 15.
gxh5 gxh5 16. Qg5 Kd7 17. h4 Rag8 18. Qf4 Rc8 19. Rhg1 Qa5 20. Kb1 b5 21. Bd3
b4 22. Ne2 c5 23. dxc5 Nxc5 24. Nd4 Rb8 25. Rg7 Na4 26. Nb3 Nc3+ 27. bxc3 bxc3
28. Bf5 Rb4 29. Bxe6+ fxe6 30. Rd4 Rhb8 31. Rxb4 Rxb4 32. Qg5 Qc5 33. Kc1 Rxb3
34. axb3 d4 35. Kd1 Qa3 36. Qg2 Qa1+ 37. Ke2 Qa6+ 38. Kf3 d3 39. Qf1 Qb7+ 40.
Kf4 Qb4+ 41. Kg5 Qg4+ 42. Kh6 Qf4+ 43. Rg5 Qf8+ 44. Rg7 Qf4+ 45. Rg5 Qf8+ 46.
Kxh5 Qf3+ 47. Kh6 d2 48. Qb5+ Kc7 49. Qc5+ Kd7 50. Qxa7+ Kc6 51. Qa8+ 1-0

[Event "España tch 1a Division Sur"]
[Site "Burguillos ESP"]
[Date "2007.08.25"]
[Round "5.83"]
[White "Sanchez Saez, Francisco"]
[Black "Ruiz Jimenez, Francisco Jose"]
[Result "1/2-1/2"]
[WhiteElo "2186"]
[BlackElo "2215"]
[PlyCount "68"]
[EventDate "2007.08.22"]
[EventType "team"]
[EventRounds "1"]
[EventCountry "ESP"]
[EventCategory "1"]
[Source "lmi"]
[SourceDate "2007.08.22"]
[WhiteTeam "Alzira"]
[BlackTeam "Tiendas UPI B"]

1. e4 c5 2. Nf3 d6 3. d4 cxd4 4. Nxd4 Nf6 5. Nc3 a6 6. Be3 e5 7. Nb3 Be6 8. f3
Be7 9. Qd2 O-O 10. g4 d5 11. exd5 Nxd5 12. Nxd5 Bh4+ 13. Bf2 Bxd5 14. Bg2 Bxb3
15. Qxd8 Bxf2+ 16. Kxf2 Rxd8 17. cxb3 Rd2+ 18. Kg3 Nc6 19. Rhd1 Rad8 20. Rxd2
Rxd2 21. Rf1 g5 22. Rf2 Rxf2 23. Kxf2 Kg7 24. Ke3 f5 25. gxf5 Kf6 26. Ke4 Ne7
27. Bh3 a5 28. a3 h5 29. b4 a4 30. Bf1 Nxf5 31. Bh3 Nd6+ 32. Kd5 Nf5 33. Ke4
Nd6+ 34. Kd5 Nf5 1/2-1/2

[Event "España tch 1a Division Sur"]
[Site "Burguillos ESP"]
[Date "2007.08.25"]
[Round "5.84"]
[White "Castillo Gallego, Sergio"]
[Black "Reig Albero, Ferran"]
[Result "1/2-1/2"]
[WhiteElo "2207"]
[BlackElo "2170"]
[PlyCount "90"]
[EventDate "2007.08.22"]
[EventType "team"]
[EventRounds "1"]
[EventCountry "ESP"]
[EventCategory "1"]
[Source "lmi"]
[SourceDate "2007.08.22"]
[WhiteTeam "Tiendas UPI B"]
[BlackTeam "Alzira"]

1. e4 c5 2. Nf3 d6 3. d4 cxd4 4. Nxd4 Nf6 5. Nc3 Nc6 6. f3 e5 7. Nb3 Be7 8. Be3
O-O 9. Qd2 Be6 10. Nd5 Bxd5 11. exd5 Nb8 12. Be2 Nbd7 13. Na5 Qc7 14. O-O Nh5
15. Nc4 f5 16. c3 Nhf6 17. Bf2 e4 18. f4 g6 19. Ne3 a6 20. Nc2 b5 21. Nd4 Qb7
22. Ne6 Rfc8 23. a4 Qxd5 24. Qxd5 Nxd5 25. axb5 Kf7 26. Nd4 Nxf4 27. Bd1 axb5
28. Bb3+ Kg7 29. Rxa8 Rxa8 30. Be3 Nd3 31. g4 f4 32. Bxf4 Nxf4 33. Rxf4 Bf6 34.
Ne6+ Kh8 35. g5 Bg7 36. Rf7 Nc5 37. Nxc5 dxc5 38. Bd5 Rd8 39. Bxe4 b4 40. Rc7
Be5 41. Re7 Bf4 42. h4 Bg3 43. h5 Bf4 44. hxg6 hxg6 45. Bxg6 Bxg5 1/2-1/2

[Event "España tch 1a Division Sur"]
[Site "Burguillos ESP"]
[Date "2007.08.25"]
[Round "5.91"]
[White "Escobar Dominguez, Daniel"]
[Black "Lara Lopez, Jose"]
[Result "1-0"]
[WhiteElo "2320"]
[BlackElo "2173"]
[PlyCount "59"]
[EventDate "2007.08.22"]
[EventType "team"]
[EventRounds "1"]
[EventCountry "ESP"]
[EventCategory "1"]
[Source "lmi"]
[SourceDate "2007.08.22"]
[WhiteTeam "Shahmat"]
[BlackTeam "La Puerta"]

1. e4 e6 2. d4 d5 3. Nc3 Bb4 4. e5 c5 5. a3 Bxc3+ 6. bxc3 Qc7 7. Nf3 Bd7 8. a4
Nc6 9. Bd3 cxd4 10. cxd4 Nxd4 11. O-O Nxf3+ 12. Qxf3 Qxe5 13. Bf4 Qd4 14. Qg3
Nf6 15. c3 Qxc3 16. Be5 Nh5 17. Qe3 d4 18. Bxd4 Qc7 19. Be5 Qd8 20. Rfd1 Qe7
21. Be2 Nf6 22. Bd6 Qd8 23. Qg5 Bc6 24. Ba3 Nd5 25. Rxd5 Qxg5 26. Rxg5 Bxa4 27.
Rxg7 Bc6 28. Bh5 O-O-O 29. Bxf7 Bd5 30. Bb2 1-0

[Event "España tch 1a Division Sur"]
[Site "Burguillos ESP"]
[Date "2007.08.25"]
[Round "5.92"]
[White "Lara Lopez, Sergio"]
[Black "Martin Macias, Daniel"]
[Result "0-1"]
[WhiteElo "2056"]
[BlackElo "2186"]
[PlyCount "56"]
[EventDate "2007.08.22"]
[EventType "team"]
[EventRounds "1"]
[EventCountry "ESP"]
[EventCategory "1"]
[Source "lmi"]
[SourceDate "2007.08.22"]
[WhiteTeam "La Puerta"]
[BlackTeam "Shahmat"]

1. e4 c5 2. Nc3 Nc6 3. f4 g6 4. Nf3 Bg7 5. Bc4 e6 6. d3 Nge7 7. O-O O-O 8. a3
d5 9. Ba2 b6 10. h3 Bb7 11. Re1 Nd4 12. Rb1 a6 13. Bd2 Qc7 14. e5 Nef5 15. Nxd4
cxd4 16. Ne2 f6 17. g4 Ne3 18. Bxe3 dxe3 19. d4 fxe5 20. dxe5 g5 21. Nd4 gxf4
22. Nxe6 Qxe5 23. Nxf8 Rxf8 24. Qf3 Kh8 25. Rf1 Ba8 26. c3 d4 27. cxd4 Qxd4 28.
Qd1 Qe4 0-1

[Event "España tch 1a Division Sur"]
[Site "Burguillos ESP"]
[Date "2007.08.25"]
[Round "5.93"]
[White "Gomez Calle, Jose Antonio"]
[Black "Alcaraz Pacheco, Ivan"]
[Result "1-0"]
[WhiteElo "2173"]
[BlackElo "2019"]
[PlyCount "121"]
[EventDate "2007.08.22"]
[EventType "team"]
[EventRounds "1"]
[EventCountry "ESP"]
[EventCategory "1"]
[Source "lmi"]
[SourceDate "2007.08.22"]
[WhiteTeam "Shahmat"]
[BlackTeam "La Puerta"]

1. e4 Nf6 2. e5 Nd5 3. d4 d6 4. c4 Nb6 5. exd6 exd6 6. Nc3 Nc6 7. h3 Bf5 8. Be3
Be7 9. Nf3 Bf6 10. b3 O-O 11. Be2 Re8 12. O-O Qd7 13. Kh2 Rad8 14. Qd2 Bg6 15.
Rad1 Ne7 16. g4 Nc6 17. Bd3 d5 18. Bxg6 hxg6 19. c5 Nc8 20. Ne2 b5 21. b4 Be7
22. a3 Bf8 23. Ng3 N8e7 24. Bf4 Kh8 25. Rfe1 Ng8 26. Qd3 a6 27. Kg2 Nf6 28. Bg5
Rxe1 29. Rxe1 Re8 30. Re3 Rxe3 31. Qxe3 Qe7 32. Ne5 Nd8 33. f4 Ne6 34. Bh4 Nxg4
35. Nxg6+ fxg6 36. hxg4 Qf7 37. Ne2 Kg8 38. Qe5 Qd7 39. f5 gxf5 40. gxf5 Nd8
41. Nf4 c6 42. Bxd8 Qxd8 43. Qe6+ Kh7 44. Qg6+ Kh8 45. Ne6 Qe7 46. Kf1 Qh4 47.
Nxf8 Qf4+ 48. Kg2 Qe4+ 49. Kh2 Qh4+ 50. Kg2 Qe4+ 51. Kh3 Qh1+ 52. Kg3 Qg1+ 53.
Kf3 Qf1+ 54. Ke3 Qe1+ 55. Kf3 Qe4+ 56. Kg3 Qe3+ 57. Kh2 Qf2+ 58. Qg2 Qf4+ 59.
Qg3 Qxd4 60. Ng6+ Kg8 61. Qb8+ 1-0

[Event "España tch 1a Division Sur"]
[Site "Burguillos ESP"]
[Date "2007.08.26"]
[Round "6.11"]
[White "Andres Gonzalez, Ivan"]
[Black "Avrukh, Boris"]
[Result "0-1"]
[WhiteElo "2392"]
[BlackElo "2645"]
[PlyCount "48"]
[EventDate "2007.08.22"]
[EventType "team"]
[EventRounds "1"]
[EventCountry "ESP"]
[EventCategory "1"]
[Source "lmi"]
[SourceDate "2007.08.22"]

1. e4 c5 2. Nf3 e6 3. d4 cxd4 4. Nxd4 a6 5. Be2 b5 6. O-O Bb7 7. Bf3 Qc7 8. Re1
Ne7 9. Nc3 Ng6 10. e5 Nc6 11. Nxc6 dxc6 12. Qe2 Bc5 13. Qe4 O-O 14. Be3 Be7 15.
Bf4 b4 16. Nd1 Rfd8 17. Ne3 Rab8 18. Qc4 c5 19. Bxb7 Qxb7 20. Rad1 Rd4 21. Rxd4
cxd4 22. Qxd4 Rd8 23. Qc4 Rc8 24. Qd4 Bc5 0-1

[Event "España tch 1a Division Sur"]
[Site "Burguillos ESP"]
[Date "2007.08.26"]
[Round "6.12"]
[White "Spraggett, Kevin"]
[Black "Gonzalez Menendez, Ivan"]
[Result "1/2-1/2"]
[WhiteElo "2585"]
[BlackElo "2388"]
[PlyCount "85"]
[EventDate "2007.08.22"]
[EventType "team"]
[EventRounds "1"]
[EventCountry "ESP"]
[EventCategory "1"]
[Source "lmi"]
[SourceDate "2007.08.22"]

1. e4 e6 2. d4 d5 3. Nc3 Bb4 4. e5 c5 5. a3 Bxc3+ 6. bxc3 Ne7 7. Nf3 Nbc6 8.
Be2 Qa5 9. Bd2 Bd7 10. O-O c4 11. Re1 O-O 12. Bf1 f6 13. g3 fxe5 14. Nxe5 Nxe5
15. Rxe5 Rf5 16. Re2 h6 17. Qb1 b6 18. Qb2 Ng6 19. Rae1 Re8 20. Bh3 Rf6 21. Bg4
Qa4 22. f3 Rff8 23. Qc1 Kh7 24. h4 e5 25. h5 Nh8 26. Rxe5 Bxg4 27. fxg4 Qd7 28.
Rxe8 Rxe8 29. Rxe8 Qxe8 30. Qf1 Nf7 31. Qf5+ Kg8 32. Kf1 Qb5 33. Qc8+ Kh7 34.
Qe6 Nd8 35. Qg6+ Kh8 36. Qd6 Nc6 37. Kf2 Na5 38. Bxh6 Qe8 39. Bf4 Qf7 40. g5
Qxh5 41. g6 Qh2+ 42. Kf3 Qh1+ 43. Kg4 1/2-1/2

[Event "España tch 1a Division Sur"]
[Site "Burguillos ESP"]
[Date "2007.08.26"]
[Round "6.13"]
[White "Suarez Real, Alberto"]
[Black "Romero Holmes, Alfonso"]
[Result "1/2-1/2"]
[WhiteElo "2386"]
[BlackElo "2519"]
[PlyCount "33"]
[EventDate "2007.08.22"]
[EventType "team"]
[EventRounds "1"]
[EventCountry "ESP"]
[EventCategory "1"]
[Source "lmi"]
[SourceDate "2007.08.22"]

1. e4 e6 2. d4 d5 3. Nd2 c5 4. Ngf3 a6 5. Bd3 c4 6. Be2 Nc6 7. O-O b5 8. exd5
exd5 9. Ne5 Nxe5 10. dxe5 Bc5 11. Nf3 Ne7 12. Bg5 h6 13. Bxe7 Qxe7 14. Qxd5 Bb7
15. Qd2 Rd8 16. Qf4 O-O 17. Rad1 1/2-1/2

[Event "España tch 1a Division Sur"]
[Site "Burguillos ESP"]
[Date "2007.08.26"]
[Round "6.21"]
[White "Galego, Luis"]
[Black "Matamoros Franco, Carlos S"]
[Result "1/2-1/2"]
[WhiteElo "2524"]
[BlackElo "2528"]
[PlyCount "36"]
[EventDate "2007.08.22"]
[EventType "team"]
[EventRounds "1"]
[EventCountry "ESP"]
[EventCategory "1"]
[Source "lmi"]
[SourceDate "2007.08.22"]

1. e4 e6 2. d4 d5 3. exd5 exd5 4. Nf3 Nc6 5. h3 Bf5 6. c4 Bxb1 7. Rxb1 Bb4+ 8.
Bd2 Bxd2+ 9. Qxd2 Nf6 10. Qe3+ Ne7 11. c5 O-O 12. Bd3 Re8 13. O-O Nc6 14. Qf4
Nb4 15. Bb5 c6 16. a3 Qa5 17. Qd2 Qxb5 18. Qxb4 Qxb4 1/2-1/2

[Event "España tch 1a Division Sur"]
[Site "Burguillos ESP"]
[Date "2007.08.26"]
[Round "6.22"]
[White "Alonso Garcia, Rene"]
[Black "Fernandez Romero, Ernesto"]
[Result "1/2-1/2"]
[WhiteElo "2384"]
[BlackElo "2450"]
[PlyCount "201"]
[EventDate "2007.08.22"]
[EventType "team"]
[EventRounds "1"]
[EventCountry "ESP"]
[EventCategory "1"]
[Source "lmi"]
[SourceDate "2007.08.22"]

1. d4 d5 2. c4 c6 3. Nf3 Nf6 4. Nc3 a6 5. Ne5 dxc4 6. Nxc4 e6 7. g3 b5 8. Ne5
Nfd7 9. Nd3 c5 10. Bg2 Ra7 11. Be3 cxd4 12. Bxd4 Rc7 13. O-O Bb7 14. Ne4 Nc6
15. Bxg7 Bxg7 16. Nd6+ Ke7 17. Nxb7 Rxb7 18. Bxc6 Rc7 19. Bxd7 Qxd7 20. a4 h5
21. axb5 axb5 22. Qb3 Rc4 23. Ra6 Rb8 24. Rd1 Qc7 25. Qa3+ Ke8 26. Ra7 Rb7 27.
Ra8+ Rb8 28. Ra7 Rb7 29. Ra8+ Rb8 30. Rxb8+ Qxb8 31. Qa6 h4 32. b3 Rc3 33. b4
hxg3 34. hxg3 Kf8 35. Rc1 Rxc1+ 36. Nxc1 Qc7 37. Nd3 Qc4 38. Qa8+ Ke7 39. Qb7+
Kf8 40. Qa8+ Ke7 41. Qa7+ Ke8 42. Nc5 Bc3 43. Qb8+ Ke7 44. Qc7+ Kf8 45. Nd7+
Ke8 46. Qxc4 bxc4 47. Nb6 Bxb4 48. Nxc4 Kf8 49. Kg2 Kg7 50. Nb2 Bd6 51. Nd3 Bc7
52. g4 Bd6 53. Kf3 f5 54. e4 fxg4+ 55. Kxg4 Kf6 56. f3 Bc7 57. Nb2 Bd6 58. Nc4
Bc5 59. f4 Bb4 60. Nb2 Bc3 61. Nd3 Bd4 62. Ne1 Bb2 63. Nf3 Bc1 64. e5+ Kf7 65.
Ng5+ Ke7 66. Ne4 Be3 67. Kg5 Bc1 68. Nc5 Be3 69. Nd3 Kf7 70. Kg4 Bd2 71. Kf3
Ke7 72. Ke4 Bc3 73. Nc1 Bd2 74. Ne2 Kf7 75. f5 exf5+ 76. Kxf5 Bb4 77. Nd4 Bc3
78. e6+ Ke8 79. Nc6 Bb2 80. Ke4 Bf6 81. Kd5 Bb2 82. Nb4 Ke7 83. Nd3 Bc3 84. Nf4
Bb2 85. Ng6+ Kf6 86. Nh4 Ba3 87. Nf3 Ke7 88. Nd4 Ke8 89. Nf5 Bb4 90. Nd4 Bc3
91. Nb5 Bb4 92. Ke5 Ke7 93. Kf5 Bc5 94. Nc3 Bd4 95. Nd5+ Ke8 96. Ke4 Bb2 97.
Kd3 Ba3 98. Kc4 Bd6 99. Kb5 Ba3 100. Kc6 Kd8 101. e7+ 1/2-1/2